MARC

LEADER 00000nam a2200000Ia 4500
001 19980
008 160829s1996 xx 000 0 cat d
020 |a 84-920161-2-4 
080 |a M-5-511 
245 |a El Catalanisme conservador / P. Anguera ... [et al.] 
260 |a Girona :  |b Cercle d'Estudis Històrics i Socials,  |c 1996 
300 |a 292 p. ;  |c 21 cm 
490 |a Quaderns del cercle ; 12 
650 |a Nacionalisme  |x Catalunya  |x 1886-1931  |9 44220 
700 |a Anguera, Pere   |9 44221 
700 |a Cercle d'Estudis Històrics i Socials de Girona  |9 44222 
901 |a Arxiu 
942 |n 1 
952 |0 0  |1 0  |4 0  |6 M5511  |7 1  |9 51852  |a Arxiu  |b Arxiu  |d 2016-12-01  |l 0  |o M-5-511  |p 19980  |r 2016-12-01 00:00:00  |w 2016-12-01  |y ARXIU 
999 |c 55698  |d 55698